عرض عادي
عرض مارك
- عمرو، محمود فتحي،
دخول Personal Name
001 - CONTROL NUMBER
- control field: 25406
003 - CONTROL NUMBER IDENTIFIER
- control field: AE-AdECS
005 - DATE AND TIME OF LATEST TRANSACTION
- control field: 20260123073748.0
008 - FIXED-LENGTH DATA ELEMENTS
- fixed length control field: 260123|| aca||aabn | a|a d
040 ## - CATALOGING SOURCE
- Original cataloging agency: AE-AdECS
- Transcribing agency: AE-AdECS
100 ## - HEADING--PERSONAL NAME
- Personal name: عمرو، محمود فتحي،
670 ## - SOURCE DATA FOUND
- Source citation: Work cat.: (AE-AdECS)293810: أبادوراي، أ،. مؤلف. 25404, استخدام القوة في العلاقات الدولية /
